|
|
|
|
| LEADER |
00000nam a22000007a 4500 |
| 005 |
20160223135243.0 |
| 007 |
cr|||| ||u| |
| 008 |
160223s2016 sp ||||| |||| 00||0 spa d |
| 035 |
|
|
|a 13091
|
| 040 |
|
|
|a vLex
|
| 090 |
|
|
|c 5898
|d 5898
|
| 100 |
1 |
|
|a Vz̀quez Iruzubieta, Carlos
|
| 245 |
1 |
0 |
|a Cd̤igo Civil Comentado
|h [Recurso electrn̤ico] /
|c Carlos Vz̀quez Iruzubieta
|
| 256 |
|
|
|a Servicio en ln̕ea
|
| 260 |
|
|
|a Espaą
|b Editorial vLex
|c 2016
|
| 300 |
|
|
|a 1 recurso electrn̤ico
|
| 506 |
1 |
|
|a Contenido solo disponible en los productos indicados
|d vLex Global
|d vLex Global (Academic Edition, excluding Law Schools)
|d vLex Global (U.S. Academic Edition, Law Schools)
|d vLex Global (U.S. Academic Edition, excluding Law Schools)
|d vLex Global (Academic Edition, Law Schools)
|
| 650 |
0 |
4 |
|a Derecho civil
|z Espaą
|
| 740 |
0 |
|
|a vLex libros (servicio en ln̕ea)
|
| 856 |
4 |
0 |
|u http://vlex.com/source/codigo-civil-comentado-13091
|z Acceso restringido
|
| 942 |
|
|
|c BOOK
|
| 999 |
0 |
|
|a Civil law
|